00881nam a2200205 a 450000100100000000500170001000800410002702000150006804000250008308200150010824501450012326001160026830000210038450000420040570000400044770000490048704900090053695201130054599900170065800002369620200930022409.0101220s1999 ve r 000 | spa d a9800760296 aDO-SdBNPbspacBNPHU axxxbD618c10aDiversidad cultural de comunidades residenciales venezolanas /cCompilación de Moraiba Tibisay Pozo; Enrique Alí González Ordosgoitti. aCaracas :bFondo Editorial Tropykos : Asociación Civil INDICEV : Asociación Civil CISCUVE : CONAC,c[1999]. a295 p. ;c23 cm. aIncluye referencias bibliográficas.1 aTibisay Pozo, Moraibaecomp.9488091 aGonzález Ordosgoitti, Enrique Alí948810 aBNGR 001050718MOaGRbGRcCTd2010-12-20iLF1l0oxxx D618cp23696-10r2020-06-25w2020-06-25y1ZNo se presta c23192d23192